banner-ar

قصيدة الباكورة: الاسراء والمعراج مع مقدمة فى موجز حياة النبى صلى الله عليه وسلم واشهر معجزاته / (Record no. 31349)

MARC details
000 -الفاتح
حقل البيانات ثابتة الطول 00746nam a2200193Ia 4500
008 - عناصر البيانات ثابتة الطول - معلومات عامة
حقل البيانات ثابتة الطول 140319s9999 xx 000 0 ara d
040 ## - مصدر الفهرسة
وكالة الفهرسة الأصلية GCL /
وكالة النسخ GCL
082 04 - رقم تصنيف ديوى العشرى
رقم التصنيف 811.062
رقم المادة م ق
100 1# - المدخل الرئيسى - إسم شخصى
الإسم الشخصى محمد متولى الشعراوى
245 10 - بيان العنوان
العنوان قصيدة الباكورة: الاسراء والمعراج مع مقدمة فى موجز حياة النبى صلى الله عليه وسلم واشهر معجزاته /
بيان المسئوليه,etc محمد متولى الشعراوى
700 1# - المدخل الاضافى - اسم شخصى
الإسم الشخصى محسن ابراهيم الدسوقى على
260 ## - PUBLICATION, DISTRIBUTION, ETC. (IMPRINT)
تاريخ النشر أو التوزيع 1990
300 ## - الوصف المادى
التعداد 47 ص
490 ## - بيان السلسلة
عنوان السلسلة
650 04 - المدخل الاضافى بالموضوع-مصطلح موضوعى
مصطلح موضوعي الشعر الصوفى
650 04 - المدخل الاضافى بالموضوع-مصطلح موضوعى
مصطلح موضوعي الادب الدينى
942 ## - عناصر المدخل الإضافي( كوها)
مصدر التصنيف او مخطط الترفيف Dewey Decimal Classification
Koha [default] item type كتاب
260 ## - PUBLICATION, DISTRIBUTION, ETC. (IMPRINT)
-- [S.N] :
-- مكتبة التراث الاسلامى ،
Holdings
حالة التراجع حالة الفقد حالة تلف ليس للاعارة المكان المؤقت الموقع الحالى تاريخ الاكتساب اجمالي اﻻعارات رقم الطلب الباركود تاريخ اخر مشاهدة تاريخ تفعيل السعر نوع وعاء كوها
        مكتبة القاهرة الكبرى مكتبة القاهرة الكبرى 03/26/2014   811.062\م ق 73274 03/26/2014 03/26/2014 كتاب

Powered By

EGPV